000
00252nam a2200109Ia 4500
008
190216s9999||||xx |||||||||||||| ||und||
100
_a
Grewal T S
245
0
_a
Introduction To Accountancy
260
_b
S Chand & Co
_c
1988
300
_a
864p
942
_c
BK
999
_c
4954
_d
4954